Lógica.
שמור ב:
| מחבר ראשי: | |
|---|---|
| פורמט: | ספר |
| שפה: | ספרדית |
| יצא לאור: |
Madrid, España:
Trotta; Consejo Superior de Investigaciones Científicas,
1995.
|
| סדרה: | Enciclopedia Iberoamericana de Filosofía, 7.
|
| נושאים: | |
| תגים: |
הוספת תג
אין תגיות, היה/י הראשונ/ה לתייג את הרשומה!
|
MARC
| LEADER | 00000nam a2200000 a 4500 | ||
|---|---|---|---|
| 001 | UCZ0250 | ||
| 003 | CL-VaPUC | ||
| 005 | 20220822114326.0 | ||
| 008 | 950728e19950000SP |||||||||||||||||spa|d | ||
| 999 | |c 237207 |d 237205 | ||
| 020 | |a 84-81164-045-X | ||
| 040 | |c Pontificia Universidad Católica de Valparaíso | ||
| 082 | 0 | 4 | |a 160 ALC 1995 |2 21 |
| 100 | 0 | |a Alchourrón, Carlos E |e edición |9 342948 | |
| 245 | 1 | 0 | |a Lógica. |
| 260 | |a Madrid, España: |b Trotta; |b Consejo Superior de Investigaciones Científicas, |c 1995. | ||
| 300 | |a 366 páginas. | ||
| 490 | 0 | |a Enciclopedia Iberoamericana de Filosofía, 7. | |
| 500 | |a c.3 Donación Familia Prof. Alejandro Guzmán Brito. | ||
| 583 | |a last modification |c 20120903 10:21:36 |k Rodrigo Vera | ||
| 650 | 0 | |a Lógica |9 256849 | |
| 650 | 0 | |a Filosofía del derecho |9 255050 | |
| 942 | |c BK |2 ddc |n 0 | ||
| 945 | |d 19950728 00:00:00 |a aalvarez | ||
| 952 | |0 0 |1 0 |4 0 |6 160_000000000000000_ALC_1995 |7 0 |8 A |9 246060 |a BIBMAT |b BIBMAT |d 2019-11-18 |i 342040K |o 160 ALC 1995 |p 342040K |r 2025-01-07 |w 2019-11-18 |y BK |k MAT | ||
| 952 | |0 0 |1 0 |4 0 |6 160_000000000000000_ALC_1995 |7 0 |8 DER_TF |9 246061 |a BIBDER |b BIBDER |d 2019-11-18 |i 3109267 |l 1 |o 160 ALC 1995 |p 3109267 |r 2023-01-25 |s 2020-03-16 |w 2019-11-18 |x Ubicación 4to Piso |y BK |z Estos recursos deben solicitarse con anticipación |k DER | ||
| 952 | |0 0 |1 0 |2 ddc |4 0 |6 160_000000000000000_ALC_1995 |7 1 |8 C_AGB |9 581071 |a BIBDER |b BIBDER |d 2022-02-02 |e Donación |i 5644178 |o 160 ALC 1995 |p 5644178 |r 2023-01-25 |t 3 |w 2022-02-02 |y BK_US |k AGB | ||